Normal view
MARC view
Entry Personal Name
001 - CONTROL NUMBER
- control field: 556375
003 - CONTROL NUMBER IDENTIFIER
- control field: OSt
005 - DATE AND TIME OF LATEST TRANSACTION
- control field: 20220930094824.0
008 - FIXED-LENGTH DATA ELEMENTS
- fixed length control field: 220930|| aca||aabn | a|a d
040 ## - CATALOGING SOURCE
- Original cataloging agency: OSt
- Transcribing agency: OSt
100 ## - HEADING--PERSONAL NAME
- Personal name: डॉ. पतन्जलि कुमार भाटिया, गा
670 ## - SOURCE DATA FOUND
- Source citation: Work cat.: (OSt)887730: ओझाा, अनिरूद्ध, शब्दार्थमीमांसा के क्षेत्र में भोज का योगदान, 2013
